00431 2200181 4500001002100000005001500021008004100036020001800077035001900095041000700114082001000121090001600131100001700147245001900164260002800183300001800211650002000229INLIS00000000001623220241224115103241224||||||||| | ||| |||| || |  a979-752-605-4 0010-1224016232 aid0 a612.8 a612.8 REN h0 aRenny Yuniar00aHidungku Sehat aBandungbDARMizanc2008 a33hlm;20x20cm 0aIlmu Kedokteran